LEADER 03328nam 22006134a 450 001 9910453886903321 005 20200520144314.0 010 $a1-283-05705-0 010 $a9786613057051 010 $a1-4356-6401-9 035 $a(CKB)1000000000537583 035 $a(EBL)3383894 035 $a(SSID)ssj0000255324 035 $a(PQKBManifestationID)11214990 035 $a(PQKBTitleCode)TC0000255324 035 $a(PQKBWorkID)10211690 035 $a(PQKB)10447816 035 $a(MiAaPQ)EBC3383894 035 $a(Au-PeEL)EBL3383894 035 $a(CaPaEBR)ebr10404966 035 $a(CaONFJC)MIL305705 035 $a(OCoLC)923317671 035 $a(EXLCZ)991000000000537583 100 $a20080619d2008 uy 0 101 0 $aeng 135 $aurcn||||||||| 181 $ctxt 182 $cc 183 $acr 200 10$aTales from the pager chronicles$b[electronic resource] /$fPatrice Rancour 210 $aIndianapolis $cSigma Theta Tau International$d2008 215 $a1 online resource (233 p.) 300 $aDescription based upon print version of record. 311 $a1-930538-72-3 327 $a""Copyright Page""; ""Disclaimer/Author Note""; ""Dedication and About the Author""; ""Table of Contents""; ""Foreword""; ""Introduction""; ""Chapter 1 - Blythe Spirit in the Medical Intensive Care Unit""; ""Chapter 2 - The Most Beautiful Girl in the World""; ""Chapter 3 - The Midnight Visitor""; ""Chapter 4 - The Difficulty with Letting Go""; ""Chapter 5 - Dying for Love""; ""Chapter 6 - The Parable of the Oak Trees""; ""Chapter 7 - The Code in the Lobby Restroom""; ""Chapter 8 - Lessons in Powerlessness""; ""Chapter 9 - And Now It's Time For You To Stop Taking Yourself So Seriously"" 327 $a""Chapter 10 - An Old Wound Still Festering""""Chapter 11 - Betsy and Elizabeth""; ""Chapter 12 - Sleeping Beauty Awakens""; ""Chapter 13 - She Who Doth Protest Too Much""; ""Chapter 14 - An Unanticipated Message""; ""Chapter 15 - The Reiki Queen""; ""Chapter 16 - Get Behind Me, Satan""; ""Chapter 17 - So Who Prays For You?""; ""Chapter 18 - All Hail to the Chief""; ""Chapter 19 - The Tale of the Gypsies""; ""Chapter 20 - The Red Lever""; ""Chapter 21 - Requiem for the Honeymooners""; ""Chapter 22 - Wedding Bells""; ""Chapter 23 - Occupational Hazards""; ""Chapter 24 - Pregnant with Trouble"" 327 $a""Chapter 25 - Trouble in Paradise""""Chapter 26 - Worlds Collide""; ""Chapter 27 - See No Evil""; ""Chapter 28 - Does Allah Punish Vanity?""; ""Chapter 29 - Trying to Get to Heaven""; ""Chapter 30 - This Old Man Can't Take Much More of This""; ""Chapter 31 - I'd Rather Be Fishin'""; ""Chapter 32 - Family Matters""; ""Chapter 33 - And So It Goes""; ""Glossary""; ""Discussion Questions"" 606 $aCancer$xNursing 606 $aNurse and patient 606 $aNursing$xPsychological aspects 608 $aElectronic books. 615 0$aCancer$xNursing. 615 0$aNurse and patient. 615 0$aNursing$xPsychological aspects. 676 $a616.99/40231 700 $aRancour$b Patrice$f1951-$0956378 712 02$aSigma Theta Tau International. 801 0$bMiAaPQ 801 1$bMiAaPQ 801 2$bMiAaPQ 906 $aBOOK 912 $a9910453886903321 996 $aTales from the pager chronicles$92165390 997 $aUNINA LEADER 03511nam 2200733 450 001 9910817756403321 005 20230809224946.0 010 $a90-04-35203-1 024 7 $a10.1163/9789004352032 035 $a(CKB)3710000001444487 035 $a(MiAaPQ)EBC5024341 035 $a(OCoLC)990778150 035 $a(nllekb)BRILL9789004352032 035 $a(EXLCZ)993710000001444487 100 $a20170620d2017 uy 0 101 0 $aeng 135 $aurcnu|||||||| 181 $2rdacontent 182 $2rdamedia 183 $2rdacarrier 200 10$aMedical glossaries in the Hebrew tradition $eShem Tov ben Isaac, Sefer Almansur : with a supplement on the Romance and Latin terminology /$fby Gerrit Bos, Guido Mensching, Julia Zwink 210 1$aLeiden ;$aBoston :$cBrill. 210 4$dc2017. 215 $a1 online resource (130 pages) 225 0 $aE?tudes sur le Judai?sme me?die?val ;$v72 300 $aIncludes indexes. 311 $a90-04-35202-3 330 $aThe Sefer Almansur contains a pharmacopeia of about 250 medicinal ingredients with their Arabic names (in Hebrew characters), their Romance (Old Occitan) and occasionally Hebrew equivalents. The pharmacopeia, which describes the properties and therapeutical uses of simple drugs featured at the end of Book Three of the Sefer Almansur . This work was translated into Hebrew from the Arabic Kit?b al-Man??r? (written by al-R?z?) by Shem Tov ben Isaac of Tortosa, who worked in Marseille in the 13th century. Gerrit Bos, Guido Mensching and Julia Zwink supply a critical edition of the Hebrew text, an English translation and an analysis of the Romance and Latin terminology in Hebrew transcription. The authors show the pharmaceutical terminological innovation of Hebrew and of the vernacular, and give us proof of the important role of medieval Jews in preserving and transferring medical knowledge. 410 0$aÉtudes sur le judaïsme médiéval$v72. 606 $aMedicine, Medieval$vTerminology 606 $aMedicine, Arab 606 $aArabic language$xMedical Arabic 606 $aHebrew language, Medieval$vGlossaries, vocabularies, etc 606 $aArabic language$vTransliteration into Hebrew 606 $aLatin language, Medieval and modern$vTransliteration into Hebrew 606 $aPharmacopoeias as Topic 606 $aMedicine, Arabic 606 $aTerminology as Topic 606 $aHistory, Medieval 608 $aTerminology. 615 0$aMedicine, Medieval 615 0$aMedicine, Arab. 615 0$aArabic language$xMedical Arabic. 615 0$aHebrew language, Medieval 615 0$aArabic language 615 0$aLatin language, Medieval and modern 615 12$aPharmacopoeias as Topic. 615 22$aMedicine, Arabic. 615 22$aTerminology as Topic. 615 22$aHistory, Medieval. 676 $a610.1/4 700 $aShem Tov ben Isaak$cof Tortosa,$factive 13th century.$01626477 701 $aBos$b Gerrit$f1948-$0321815 701 $aMensching$b Guido$0168984 701 $aZwink$b Julia$01605410 701 2$aShem Tov ben Isaak$cof Tortosa,$factive 13th century.$01626477 701 2$aShem Tov ben Isaak$cof Tortosa,$factive 13th century.$01626477 701 $aRa?zi?$b Abu? Bakr Muh?ammad ibn Zakari?ya?$f865?-925?$0330614 801 0$bNL-LeKB 801 1$bNL-LeKB 906 $aBOOK 912 $a9910817756403321 996 $aMedical glossaries in the Hebrew tradition$93962522 997 $aUNINA